<?xml version='1.0' encoding='UTF-8'?>
  <record xmlns="http://www.loc.gov/MARC21/slim">
    <leader>00000cam a2200000 i 4500</leader>
    <controlfield tag="001">ocn783648644</controlfield>
    <controlfield tag="003">OCoLC</controlfield>
    <controlfield tag="005">20250624032940.1</controlfield>
    <controlfield tag="008">850731s1929    ne       m    000 0 dut d</controlfield>
    <datafield tag="040" ind1=" " ind2=" ">
      <subfield code="a">NLGGC</subfield>
      <subfield code="b">dut</subfield>
      <subfield code="e">fobidrtb</subfield>
      <subfield code="c">NLGGC</subfield>
      <subfield code="d">OCLCF</subfield>
      <subfield code="d">OCLCO</subfield>
      <subfield code="d">BEATB</subfield>
      <subfield code="d">OCL</subfield>
      <subfield code="d">L2U</subfield>
      <subfield code="d">OCLCO</subfield>
      <subfield code="d">OCLCA</subfield>
      <subfield code="d">OCLCO</subfield>
      <subfield code="d">OCLCL</subfield>
      <subfield code="d">OCLCQ</subfield>
    </datafield>
    <datafield tag="029" ind1="0" ind2=" ">
      <subfield code="a">NLGGC</subfield>
      <subfield code="b">85210331X</subfield>
    </datafield>
    <datafield tag="035" ind1=" " ind2=" ">
      <subfield code="a">(OCoLC)783648644</subfield>
    </datafield>
    <datafield tag="082" ind1="0" ind2="4">
      <subfield code="a">839.315 UKP</subfield>
    </datafield>
    <datafield tag="084" ind1=" " ind2=" ">
      <subfield code="a">18.11</subfield>
      <subfield code="2">bcl</subfield>
    </datafield>
    <datafield tag="100" ind1="1" ind2=" ">
      <subfield code="a">Donkersloot, N.A.</subfield>
      <subfield code="q">(Nicolaas Anthony),</subfield>
      <subfield code="d">1902-1965.</subfield>
      <subfield code="1">https://id.oclc.org/worldcat/entity/E39PBJqK86t3F9QtRYCbRcHXBP</subfield>
    </datafield>
    <datafield tag="245" ind1="1" ind2="3">
      <subfield code="a">De episode van de vernieuwing onzer poëzie (1880-1894) /</subfield>
      <subfield code="c">door Nicolaas Anthonie Donkersloot.</subfield>
    </datafield>
    <datafield tag="260" ind1=" " ind2=" ">
      <subfield code="a">[S.l. :</subfield>
      <subfield code="b">s.n.],</subfield>
      <subfield code="c">1929</subfield>
      <subfield code="e">(Maastricht :</subfield>
      <subfield code="f">Leiter-Nypels)</subfield>
    </datafield>
    <datafield tag="300" ind1=" " ind2=" ">
      <subfield code="a">180 p. ;</subfield>
      <subfield code="c">26 cm.</subfield>
    </datafield>
    <datafield tag="502" ind1=" " ind2=" ">
      <subfield code="a">Proefschrift Utrecht.</subfield>
    </datafield>
    <datafield tag="504" ind1=" " ind2=" ">
      <subfield code="a">Met lit. opg.</subfield>
    </datafield>
    <datafield tag="520" ind1="3" ind2=" ">
      <subfield code="a">Proefschrift over de grondslagen en de grote figuren van de Nederlandse literaire stroming.</subfield>
    </datafield>
    <datafield tag="650" ind1=" " ind2="0">
      <subfield code="a">Dutch poetry</subfield>
      <subfield code="x">History and criticism</subfield>
      <subfield code="y">19th century.</subfield>
    </datafield>
    <datafield tag="600" ind1="1" ind2="4">
      <subfield code="a">Perk, Jacques</subfield>
      <subfield code="q">(Jacques Fabrice Herman),</subfield>
      <subfield code="d">1859-1881.</subfield>
    </datafield>
    <datafield tag="600" ind1="1" ind2="4">
      <subfield code="a">Kloos, Willem</subfield>
      <subfield code="q">(Willem Johannes Theodorus),</subfield>
      <subfield code="d">1859-1938.</subfield>
    </datafield>
    <datafield tag="600" ind1="1" ind2="4">
      <subfield code="a">Verwey, Albert,</subfield>
      <subfield code="d">1865-1937.</subfield>
    </datafield>
    <datafield tag="600" ind1="1" ind2="4">
      <subfield code="a">Eeden, Frederik van</subfield>
      <subfield code="q">(Frederik Willem),</subfield>
      <subfield code="d">1860-1932.</subfield>
    </datafield>
    <datafield tag="600" ind1="1" ind2="4">
      <subfield code="a">Gorter, Herman,</subfield>
      <subfield code="d">1864-1927.</subfield>
    </datafield>
    <datafield tag="648" ind1=" " ind2="4">
      <subfield code="a">anno 1800-1899</subfield>
      <subfield code="0">(BE-AnANE)a::93.19:1</subfield>
    </datafield>
    <datafield tag="650" ind1=" " ind2="6">
      <subfield code="a">Poésie néerlandaise</subfield>
      <subfield code="x">Histoire et critique</subfield>
      <subfield code="y">19e siècle.</subfield>
    </datafield>
    <datafield tag="650" ind1=" " ind2="7">
      <subfield code="a">18.11 Dutch literature.</subfield>
      <subfield code="0">(NL-LeOCL)077612027</subfield>
      <subfield code="2">bcl</subfield>
    </datafield>
    <datafield tag="650" ind1=" " ind2="7">
      <subfield code="a">Dutch poetry.</subfield>
      <subfield code="2">fast</subfield>
      <subfield code="0">(OCoLC)fst00899880</subfield>
    </datafield>
    <datafield tag="648" ind1=" " ind2="7">
      <subfield code="a">1800-1899</subfield>
      <subfield code="2">fast</subfield>
    </datafield>
    <datafield tag="650" ind1="1" ind2="7">
      <subfield code="a">Gedichten.</subfield>
      <subfield code="2">gtt</subfield>
    </datafield>
    <datafield tag="650" ind1="1" ind2="7">
      <subfield code="a">Tachtigers.</subfield>
      <subfield code="2">gtt</subfield>
    </datafield>
    <datafield tag="650" ind1="1" ind2="7">
      <subfield code="a">De Nieuwe Gids (tijdschrift)</subfield>
      <subfield code="2">gtt</subfield>
    </datafield>
    <datafield tag="600" ind1="1" ind2="7">
      <subfield code="a">Perk, Jacques,</subfield>
      <subfield code="d">1859-1881.</subfield>
      <subfield code="0">(NL-LeOCL)069192308</subfield>
      <subfield code="2">nta</subfield>
    </datafield>
    <datafield tag="600" ind1="1" ind2="7">
      <subfield code="a">Kloos, Willem,</subfield>
      <subfield code="d">1859-1938.</subfield>
      <subfield code="0">(NL-LeOCL)068604440</subfield>
      <subfield code="2">nta</subfield>
    </datafield>
    <datafield tag="600" ind1="1" ind2="7">
      <subfield code="a">Verwey, Albert,</subfield>
      <subfield code="d">1865-1937.</subfield>
      <subfield code="0">(NL-LeOCL)068604459</subfield>
      <subfield code="2">nta</subfield>
    </datafield>
    <datafield tag="600" ind1="1" ind2="7">
      <subfield code="a">Eeden, Frederik van,</subfield>
      <subfield code="d">1860-1932.</subfield>
      <subfield code="0">(NL-LeOCL)068271166</subfield>
      <subfield code="2">nta</subfield>
    </datafield>
    <datafield tag="600" ind1="1" ind2="7">
      <subfield code="a">Gorter, Herman,</subfield>
      <subfield code="d">1864-1927.</subfield>
      <subfield code="0">(NL-LeOCL)068404417</subfield>
      <subfield code="2">nta</subfield>
    </datafield>
    <datafield tag="655" ind1=" " ind2="7">
      <subfield code="a">Criticism, interpretation, etc.</subfield>
      <subfield code="2">fast</subfield>
      <subfield code="0">(OCoLC)fst01411635</subfield>
    </datafield>
    <datafield tag="655" ind1=" " ind2="7">
      <subfield code="a">Proefschriften (vorm)</subfield>
      <subfield code="2">gtt</subfield>
    </datafield>
    <datafield tag="758" ind1=" " ind2=" ">
      <subfield code="a">De episode van de vernieuwing onzer poëzie (1880-1894) (Text)</subfield>
      <subfield code="1">https://id.oclc.org/worldcat/entity/E39PCH3GfjMghpYqyQYJkC3wvd</subfield>
      <subfield code="4">https://id.oclc.org/worldcat/ontology/hasWork</subfield>
    </datafield>
    <datafield tag="936" ind1=" " ind2=" ">
      <subfield code="a">BATCHLOAD</subfield>
    </datafield>
  </record>